[Event "Saint Louis SPICE Cup op 10th"]
[Site "Saint Louis"]
[Date "2016.10.19"]
[Round "4"]
[White "Williams, Justus D"]
[Black "Swindell, Shawn"]
[Result "1-0"]
[WhiteElo "2313"]
[BlackElo "2034"]
[PlyCount "69"]
[EventDate "2016.10.17"]
[EventType "swiss"]
[EventRounds "9"]
[EventCountry "USA"]
[SourceTitle "CBM 175 Extra"]
[Source "ChessBase"]
[SourceDate "2016.12.12"]
[SourceVersion "1"]
[SourceVersionDate "2016.12.12"]
[SourceQuality "1"]

1. Nf3 Nf6 2. c4 d6 3. g3 e5 4. Bg2 Be7 5. 0-0 0-0 6. d4 Nbd7 7. Nc3 c6 8. e4 Qc7 9. h3 Re8 10. Re1 Bf8 11. Be3 exd4 12. Nxd4 Nc5 13. Qc2 a5 14. Rad1 Be6 15. b3 Rad8 16. g4 Nfd7 17. f4 f6 18. Qf2 g6 19. Bf3 Bg7 20. Re2 Rf8 21. Red2 f5 22. Nde2 fxe4 23. Nxe4 Nxe4 24. Bxe4 Nf6 25. Bg2 c5 26. Qf3 Rd7 27. Nc3 Rfd8 28. Nb5 Qb6 29. Qf2 Bf8 30. f5 gxf5 31. gxf5 Bf7 32. Qg3+ Kh8 33. Bg5 Be7 34. Re1 d5 35. Qh4 1-0